The Ross forgery (Record no. 350667)

000 -LEADER
fixed length control field 00710cam a2200253 4500
001 - CONTROL NUMBER
control field 3613318
003 - CONTROL NUMBER IDENTIFIER
control field OSt
005 - DATE AND TIME OF LATEST TRANSACTION
control field 20180116183023.0
008 - FIXED-LENGTH DATA ELEMENTS--GENERAL INFORMATION
fixed length control field 740415s1973 inu 000 1 eng
010 ## - LIBRARY OF CONGRESS CONTROL NUMBER
LC control number 73003780
020 ## - INTERNATIONAL STANDARD BOOK NUMBER
International Standard Book Number 0672518538
040 ## - CATALOGING SOURCE
Original cataloging agency DLC
Transcribing agency DLC
Modifying agency DLC
050 00 - LIBRARY OF CONGRESS CALL NUMBER
Classification number PZ4.H182
Item number Ro
Classification number PS3558.A378
082 00 - DEWEY DECIMAL CLASSIFICATION NUMBER
Classification number 813.54 HAL 1979
100 1# - MAIN ENTRY--PERSONAL NAME
Personal name Hallahan, William H.
245 14 - TITLE STATEMENT
Title The Ross forgery
Statement of responsibility, etc. [by] William H. Hallahan.
260 ## - PUBLICATION, DISTRIBUTION, ETC.
Place of publication, distribution, etc. Indianapolis,
Name of publisher, distributor, etc. Bobbs-Merrill
Date of publication, distribution, etc. [c1973]
300 ## - PHYSICAL DESCRIPTION
Extent 204 p.
Dimensions 22 cm.
350 ## - PRICE (NR) (BK AM CF MU VM SE) [OBSOLETE]
Price $5.95
490 0# - SERIES STATEMENT
Series statement A Black bat mystery
655 #7 - INDEX TERM--GENRE/FORM
Genre/form data or focus term Detective and mystery stories.
Source of term gsafd
906 ## - LOCAL DATA ELEMENT F, LDF (RLIN)
a 7
b cbc
c orignew
d 2
e ocip
f 19
g y-gencatlg
942 ## - ADDED ENTRY ELEMENTS (KOHA)
Source of classification or shelving scheme
Koha item type Book
Holdings
Withdrawn status Lost status Source of classification or shelving scheme Damaged status Not for loan Collection code Permanent Location Current Location Shelving location Date acquired Total Checkouts Full call number Barcode Date last seen Date last checked out Price effective from Koha item type
            Central Library (CL) Central Library (CL) Fiction 11/30/2015 1 813.54 HAL 1979 NBSD-2247 12/11/2018 03/03/2016 11/30/2015 Book
© 2023 Central Library, National University of Sciences and Technology. All Rights Reserved.